000
00313 a2200157 4500
001
173445
020
_a
040
_c
Magnum
100
_a
Paula, Branca Maria de
240
1
0
_a
Truques coloridos
_l
por
245
1
0
_a
Truques coloridos
362
0
_a
1899
440
1
_a
LĂȘ
697
_a
I/GERAL
942
_c
BK
999
_c
173445
_d
173445